[Event "Adelaide Interclub-A"]
[Site "Adelaide"]
[Date "2008.06.24"]
[Round "9.2"]
[White "Saint, Andrew"]
[Black "Djelaj, Pasko"]
[Result "1-0"]
[WhiteElo "1922"]
[BlackElo "1647"]
[PlyCount "109"]
[EventDate "2008.04.29"]
[EventType "team-tourn"]
[EventRounds "9"]
[EventCountry "AUS"]
[SourceTitle "EXT 2010"]
[Source "ChessBase"]
[SourceDate "2010.11.25"]
[SourceVersion "1"]
[SourceVersionDate "2010.11.25"]
[SourceQuality "1"]

1. d4 Nf6 2. c4 c5 3. d5 d6 4. Nc3 g6 5. e4 Bg7 6. f4 0-0 7. Nf3 e6 8. Be2 exd5 9. exd5 Bg4 10. 0-0 Nbd7 11. h3 Bxf3 12. Bxf3 a6 13. Re1 Re8 14. Be3 Qa5 15. Qd3 Rab8 16. a4 Kf8 17. g4 Ng8 18. Bd2 Qc7 19. a5 Rxe1+ 20. Bxe1 Re8 21. Bd2 Nh6 22. Kg2 f5 23. Ra2 Qd8 24. Ne2 fxg4 25. hxg4 Qh4 26. Ng3 Nxg4 27. Bxg4 Qxg4 28. Qf3 Nf6 29. b4 Qxf3+ 30. Kxf3 Rc8 31. Nf1 cxb4 32. Bxb4 Rxc4 33. Bxd6+ Ke8 34. Ne3 Rc3 35. Be5 Rb3 36. Rd2 Kd7 37. Ke2 Rb4 38. Rc2 Ne8 39. Nc4 Bxe5 40. fxe5 Ke7 41. Kd3 Rb3+ 42. Kd4 Ng7 43. Nd6 Rb4+ 44. Kc5 Rb1 45. Rf2 Nf5 46. Nxf5+ gxf5 47. Rxf5 Rb5+ 48. Kc4 Rxa5 49. Rh5 b5+ 50. Kc5 b4+ 51. Kc6 b3 52. Rxh7+ Ke8 53. d6 Rxe5 54. d7+ Kd8 55. Rh8+ 1-0

[Event "Adelaide Interclub-A"]
[Site "Adelaide"]
[Date "2008.05.20"]
[Round "4.2"]
[White "Djelaj, Pasko"]
[Black "Hoff, Michael R"]
[Result "1/2-1/2"]
[WhiteElo "1647"]
[BlackElo "1840"]
[PlyCount "97"]
[EventDate "2008.04.29"]
[EventType "team-tourn"]
[EventRounds "9"]
[EventCountry "AUS"]
[SourceTitle "EXT 2010"]
[Source "ChessBase"]
[SourceDate "2010.11.25"]
[SourceVersion "1"]
[SourceVersionDate "2010.11.25"]
[SourceQuality "1"]

1. d4 Nf6 2. Nf3 d5 3. c4 c6 4. e3 g6 5. Be2 Bg7 6. Nc3 0-0 7. Qb3 dxc4 8. Qxc4 b5 9. Qb3 a5 10. Qc2 Nbd7 11. 0-0 Nb6 12. b3 b4 13. Nb1 Bf5 14. Qd1 Ne4 15. a4 Nd5 16. Bb2 c5 17. Re1 Qc7 18. Bc4 Ndc3 19. Qc1 Nxb1 20. Rxb1 Rac8 21. Ra1 Qb7 22. dxc5 Nc3 23. Nd4 Rxc5 24. Bxc3 bxc3 25. Qxc3 Rfc8 26. Qd2 Be4 27. f3 Bd5 28. Rac1 Bxc4 29. bxc4 Rxc4 30. Rxc4 Rxc4 31. Qxa5 Bxd4 32. Qd8+ Kg7 33. exd4 Rc7 34. Qe8 Qb4 35. Kf1 Qc4+ 36. Re2 Qxd4 37. Rxe7 Rc1+ 38. Re1 Qc4+ 39. Qe2 Rxe1+ 40. Kxe1 Qxa4 41. g3 Qd4 42. Kf1 h5 43. h4 Qf6 44. Kg2 g5 45. hxg5 Qxg5 46. f4 Qf5 47. Qf3 Kg6 48. Qc6+ Kg7 49. Qf3 1/2-1/2

[Event "Adelaide-ch"]
[Site "Adelaide"]
[Date "2005.07.26"]
[Round "3"]
[White "Cowley, Robert"]
[Black "Djelaj, Pasko"]
[Result "1-0"]
[WhiteElo "2104"]
[BlackElo "1654"]
[PlyCount "83"]
[EventDate "2005.07.12"]
[EventType "swiss"]
[EventRounds "7"]
[EventCountry "AUS"]
[SourceTitle "EXT 2010"]
[Source "ChessBase"]
[SourceDate "2010.11.25"]
[SourceVersion "1"]
[SourceVersionDate "2010.11.25"]
[SourceQuality "1"]

1. e4 e5 2. Nf3 Nc6 3. Bb5 a6 4. Ba4 Nf6 5. 0-0 Be7 6. Qe2 b5 7. Bb3 d6 8. c3 0-0 9. d4 Bg4 10. d5 Nb8 11. a4 bxa4 12. Bxa4 Nfd7 13. h3 Bh5 14. Nbd2 Nb6 15. Re1 Qc8 16. Bc2 c5 17. dxc6 Nxc6 18. Nf1 h6 19. Ne3 Rd8 20. Rd1 Bf8 21. Nf5 Kh7 22. g4 Bg6 23. Be3 Qb7 24. N3h4 Nc8 25. b4 N6e7 26. Qf3 Qc7 27. Ra3 Nc6 28. Bd3 Nb8 29. g5 Ne7 30. gxh6 gxh6 31. Kh1 f6 32. Nxg6 Nxg6 33. Qh5 Nf4 34. Bxf4 exf4 35. Rg1 Kh8 36. Nxh6 Bg7 37. Nf5+ Kg8 38. Rxg7+ Qxg7 39. Nxg7 Kxg7 40. Ra1 Nd7 41. Rg1+ Kf8 42. Bc4 1-0

[Event "Adelaide-ch"]
[Site "Adelaide"]
[Date "2005.07.19"]
[Round "2"]
[White "Djelaj, Pasko"]
[Black "Eustace, Sophie"]
[Result "1-0"]
[WhiteElo "1654"]
[BlackElo "974"]
[PlyCount "105"]
[EventDate "2005.07.12"]
[EventType "swiss"]
[EventRounds "7"]
[EventCountry "AUS"]
[SourceTitle "EXT 2010"]
[Source "ChessBase"]
[SourceDate "2010.11.25"]
[SourceVersion "1"]
[SourceVersionDate "2010.11.25"]
[SourceQuality "1"]

1. d4 d5 2. Nf3 Nf6 3. c4 e6 4. a3 b6 5. Nc3 Bb7 6. e3 Nbd7 7. Bd3 dxc4 8. Bxc4 Bxf3 9. Qxf3 e5 10. 0-0 Bd6 11. Re1 0-0 12. b4 Re8 13. Bb2 h6 14. g3 Rc8 15. Ba6 Rb8 16. Rad1 Re7 17. Qg2 Qe8 18. dxe5 Bxe5 19. Bb5 Qc8 20. e4 c5 21. Bxd7 Nxd7 22. Nd5 Re8 23. Bxe5 Rxe5 24. f4 Re6 25. Rc1 Qd8 26. e5 Rc8 27. b5 Qe8 28. Red1 Nf8 29. a4 Nh7 30. Ne3 f6 31. Nc4 Rd8 32. f5 Re7 33. e6 Ra8 34. Nd6 Qf8 35. Rd2 Qb8 36. Rcd1 Ng5 37. h4 Nh7 38. Nf7 Nf8 39. Kh2 Qb7 40. Qxb7 Rxb7 41. Nd8 Re7 42. Nc6 Rc7 43. e7 Re8 44. exf8Q+ Kxf8 45. Kg2 a6 46. Nd8 Ra7 47. Ne6+ Kg8 48. bxa6 Rc8 49. Rd7 Rxa6 50. Rxg7+ Kh8 51. Rdd7 Rxa4 52. Rh7+ Kg8 53. Rdg7# 1-0

[Event "Adelaide Interclub"]
[Site "Adelaide"]
[Date "2004.??.??"]
[Round "5"]
[White "Hoff, Michael R"]
[Black "Djelaj, Pasko"]
[Result "1-0"]
[WhiteElo "1905"]
[BlackElo "1745"]
[PlyCount "79"]
[EventDate "2004.??.??"]
[EventType "team"]
[EventRounds "9"]
[EventCountry "AUS"]
[SourceTitle "EXT 2007"]
[Source "ChessBase"]
[SourceDate "2006.11.23"]
[SourceVersion "1"]
[SourceVersionDate "2006.11.23"]
[SourceQuality "1"]

1. e4 c5 2. c3 e6 3. d4 cxd4 4. cxd4 d6 5. Nc3 a6 6. a4 Nf6 7. f4 Be7 8. Nf3 Nbd7 9. e5 dxe5 10. dxe5 Ng8 11. Be3 Nh6 12. Be2 Nf5 13. Bf2 g6 14. 0-0 0-0 15. a5 Bc5 16. Ne4 Bxf2+ 17. Rxf2 Qe7 18. Nd4 Ne3 19. Qd3 Nd5 20. Qh3 f5 21. Nd6 Nc5 22. Qf3 Rd8 23. Rc1 Rxd6 24. exd6 Qxd6 25. Qa3 Ne4 26. Qxd6 Nxd6 27. Bd3 Kf8 28. g3 Ke7 29. h4 h5 30. Re2 Bd7 31. Rc5 Nb4 32. Bc4 Nxc4 33. Rxc4 Nd5 34. Kf2 Kd6 35. Rec2 Rb8 36. Nf3 b5 37. axb6 Rxb6 38. Ne5 Be8 39. Rc8 Nf6 40. Nc4+ 1-0

[Event "Adelaide Interclub-A"]
[Site "Adelaide"]
[Date "2002.05.21"]
[Round "3.2"]
[White "Djelaj, Pasko"]
[Black "Saint, Andrew"]
[Result "1-0"]
[WhiteElo "1823"]
[BlackElo "1883"]
[PlyCount "29"]
[EventDate "2002.05.07"]
[EventType "team-tourn"]
[EventRounds "9"]
[EventCountry "AUS"]
[SourceTitle "EXT 2023"]
[Source "ChessBase"]
[SourceDate "2022.10.05"]
[SourceVersion "1"]
[SourceVersionDate "2022.10.05"]
[SourceQuality "1"]

1. d4 d5 2. Nf3 Nf6 3. c4 c6 4. e3 g6 5. Nc3 Bg7 6. b4 0-0 7. Be2 Bf5 8. Bb2 Nbd7 9. 0-0 Re8 10. Qb3 Nb6 11. Rfd1 dxc4 12. Bxc4 Nxc4 13. Qxc4 Ne4 14. a3 Rc8 15. Nd2 1-0

[Event "South Australia-ch"]
[Site "Adelaide"]
[Date "2002.03.05"]
[Round "4"]
[White "Djelaj, Pasko"]
[Black "Wedding, Robin"]
[Result "1-0"]
[WhiteElo "1772"]
[BlackElo "1779"]
[PlyCount "111"]
[EventDate "2002.01.12"]
[EventType "tourn"]
[EventRounds "7"]
[EventCountry "AUS"]
[SourceTitle "EXT 2023"]
[Source "ChessBase"]
[SourceDate "2022.10.05"]
[SourceVersion "1"]
[SourceVersionDate "2022.10.05"]
[SourceQuality "1"]

1. d4 d5 2. c4 Nf6 3. Nc3 e6 4. Bg5 Be7 5. e3 0-0 6. Nf3 Ne4 7. Bxe7 Nxc3 8. Bxd8 Nxd1 9. Bxc7 Nxb2 10. c5 Nc6 11. Be2 f6 12. Rb1 Nc4 13. Bxc4 dxc4 14. 0-0 Rf7 15. Bd6 e5 16. dxe5 Bf5 17. Rbc1 fxe5 18. Nxe5 Nxe5 19. Bxe5 Bd3 20. Rfd1 Rc8 21. Bd4 Rc6 22. Rd2 Ra6 23. Rb2 Ra4 24. h3 a5 25. f3 Rb4 26. Rd2 a4 27. e4 Rb1 28. Rxb1 Bxb1 29. Rb2 Bd3 30. Rb4 Rd7 31. Bc3 Rc7 32. Kf2 a3 33. Bd4 Rd7 34. Ke3 Bf1 35. g3 c3 36. Rb3 Bxh3 37. Rxc3 Bf1 38. Rxa3 Ba6 39. Be5 Kf7 40. f4 Rd1 41. c6 Re1+ 42. Kf2 Rxe4 43. cxb7 Bxb7 44. Ra7 Rb4 45. a4 Kg6 46. a5 Bh1 47. Rxg7+ Kh6 48. Rc7 Ra4 49. Rc5 Ra2+ 50. Ke3 Ra3+ 51. Bc3 Ba8 52. g4 Kg6 53. Kf2 Ra2+ 54. Kg3 Rg2+ 55. Kh3 Rg1 56. f5+ 1-0